| 000 | 00496nam a22001697a 4500 | ||
|---|---|---|---|
| 999 |
_c525279 _d525279 |
||
| 003 | NUST | ||
| 038 | _awaseem | ||
| 082 |
_a891.491092 _bABI |
||
| 100 |
_aAbid, Bashir _916018 |
||
| 245 |
_aDoctor Shahbaz Malik (Fan te Shaksiyat) / _cBashir Abid |
||
| 260 |
_aGujranwala : _bPunjab Adabi Markz, _c1995. |
||
| 300 | _a176 p. ; | ||
| 500 | _aHardcover. | ||
| 880 |
_6100-01\r _aبشیر عابد |
||
| 880 |
_6245-02\r _a(ڈاکٹر شہباز ملک (فنٓ تے شخصیت / |
||
| 942 |
_2ddc _cBK |
||